Bootstrapping sequential tests for multiple structural breaks

Enregistré dans:
Détails bibliographiques
Auteur principal: Banerjee, Anindya
Autres auteurs: Lazarova, Stepana, Urga, Giovanni
Format: Livre
Langue:anglais
Publié: San Domenico (FI) European University Institute 1998
Collection:EUI Working paper ECO No. 98/24
Sujets:
Tags: Ajouter un tag
Pas de tags, Soyez le premier à ajouter un tag!

MARC

LEADER 00000nam a2200000 4500
001 c133243
005 20221109093219.8
041 0 |a eng 
044 |a IT 
245 1 0 |a Bootstrapping sequential tests for multiple structural breaks  |c Anindya Banerjee, Stepana Lazarova and Giovanni Urga 
264 1 |a San Domenico (FI)  |b European University Institute  |c 1998 
300 |a 21 s. 
490 1 |a EUI Working paper ECO  |v No. 98/24 
830 0 |a EUI Working paper ECO  |v No. 98/24 
610 2 0 |a modely ekonomicko-matematické 
610 2 0 |a modelovanie ekonometrické 
610 2 0 |a testy 
100 1 |a Banerjee, Anindya 
700 1 |a Lazarova, Stepana 
700 1 |a Urga, Giovanni